Die Deutschen: Profil einer Nation
Werner Weidenfeld, Karl-Rudolf Korte: Die Deutschen. Profil einer Nation. Klett-Cotta Verlag, Stuttgart 1991. 275 Seiten, 68,- DM
| Authors: | ; |
|---|---|
| Format: | Print Book |
| Language: | German |
| Published: |
Stuttgart
Klett-Cotta
1991
|
| In: | Year: 1991 |
| Online Access: |
Table of Contents Table of Contents |
| Availability in Tübingen: | Present in Tübingen. IFK: B XVIII 141 |
| Check availability: | HBZ Gateway |
| Subito Delivery Service: | Order now. |
| Keywords: |
MARC
| LEADER | 00000cam a2200000 c 4500 | ||
|---|---|---|---|
| 001 | 125929919 | ||
| 003 | DE-627 | ||
| 005 | 20260206200253.0 | ||
| 007 | tu | ||
| 008 | 930619s1991 gw ||||| 00| ||ger c | ||
| 015 | |a 91,N35,0233 |2 dnb | ||
| 015 | |a 92,A12,0302 |2 dnb | ||
| 016 | 7 | |a 911092722 |2 DE-101 | |
| 020 | |a 3608913580 |c : DM68.00 |9 3-608-91358-0 | ||
| 035 | |a (DE-627)125929919 | ||
| 035 | |a (DE-603)017365317 | ||
| 035 | |a (DE-576)025160370 | ||
| 035 | |a (DE-599)GBV125929919 | ||
| 035 | |a (OCoLC)25112179 | ||
| 035 | |a (OCoLC)231222856 | ||
| 035 | |a (OCoLC)231222856 | ||
| 035 | |a (OCoLC)25112179 | ||
| 035 | |a (AT-OBV)AC00342805 | ||
| 035 | |a (DE-615)00815188 | ||
| 035 | |a (DE-Rt5)1875753 | ||
| 040 | |a DE-627 |b ger |c DE-627 |e rakwb | ||
| 041 | |a ger | ||
| 044 | |c XA-DE-BW | ||
| 050 | 0 | |a HN460.P8 | |
| 082 | 0 | 4 | |a 16 |q dnb |
| 084 | |a POL 626 |2 sfb | ||
| 084 | |a POL 629 D 9 |2 sfb | ||
| 084 | |a 16 |2 sdnb | ||
| 084 | |a RA05.01 |2 fivr | ||
| 084 | |a SA |2 fivs | ||
| 084 | |a 1 |2 ssgn | ||
| 084 | |a MS 1204 |2 rvk |0 (DE-625)rvk/123559: | ||
| 084 | |a MG 15070 |2 rvk |0 (DE-625)rvk/122818:12043 | ||
| 084 | |a MG 15030 |2 rvk |0 (DE-625)rvk/122818:12037 | ||
| 084 | |a MG 15010 |2 rvk |0 (DE-625)rvk/122818:12035 | ||
| 084 | |a 89.22 |2 bkl | ||
| 100 | 1 | |a Weidenfeld, Werner |d 1947- |e Verf. |0 (DE-588)115571736 |0 (DE-627)077336860 |0 (DE-576)163503052 |4 aut | |
| 109 | |a Weidenfeld, Werner 1947- |a Weidenfeld, Werner Josef 1947- |a Vajdenfeld, Verner J. 1947- |a Fainfild, Vīrnīr 1947- |a Vajdenfeld, Verner 1947- |a Weidengfeierde, Weierne 1947- |a Weidenfeld, Werner J. 1947- |a Weidenfeld, W. J. 1947- |a Weidenfeld, W. 1947- |a Vajdenfeld, V. 1947- |a Fainfild, V. 1947- |a Wei er ne Wei deng fei er de 1947- |a Weierne-Weidengfeierde 1947- | ||
| 245 | 1 | 4 | |a Die Deutschen |b Profil einer Nation |c Werner Weidenfeld ; Karl-Rudolf Korte |
| 264 | 1 | |a Stuttgart |b Klett-Cotta |c 1991 | |
| 300 | |a 275 S. |b graph. Darst., Tab. |c 23,5 cm | ||
| 336 | |a Text |b txt |2 rdacontent | ||
| 337 | |a ohne Hilfsmittel zu benutzen |b n |2 rdamedia | ||
| 338 | |a Band |b nc |2 rdacarrier | ||
| 500 | |a Literaturverz. S. 241 - 272 | ||
| 505 | 8 | |a Literaturverz. S. 241 - 272 | |
| 505 | 8 | |a Literaturverz. S. 241 - 272 | |
| 520 | |a Werner Weidenfeld, Karl-Rudolf Korte: Die Deutschen. Profil einer Nation. Klett-Cotta Verlag, Stuttgart 1991. 275 Seiten, 68,- DM | ||
| 583 | 1 | |a Archivierung/Langzeitarchivierung gewährleistet |f PEBW |x XA-DE-BW |2 pdager |5 DE-24 | |
| 583 | 1 | |a Archivierung/Langzeitarchivierung gewährleistet |f SSG |x XA-DE-BW |2 pdager |5 DE-21 | |
| 650 | 0 | 7 | |0 (DE-588)4020588-5 |0 (DE-627)106317520 |0 (DE-576)208933956 |a Gesellschaft |2 gnd |
| 650 | 4 | |a Gesellschaft | |
| 650 | 4 | |a Einstellung (psychologisch) | |
| 650 | 4 | |a Sozialer Wert | |
| 650 | 4 | |a Soziale Norm | |
| 650 | 4 | |a Ehe | |
| 650 | 4 | |a Familie | |
| 650 | 4 | |a Arbeit | |
| 650 | 4 | |a Freizeit | |
| 650 | 4 | |a Technologieverfahren | |
| 650 | 4 | |a Ökologie | |
| 650 | 4 | |a Staat | |
| 650 | 4 | |a Lebensbedingungen | |
| 650 | 4 | |a Integration, europäische | |
| 650 | 4 | |a Einstellung, Arbeitszufriedenheit, Bewusstsein, Einheit, nationale Einheit, Nation, Demokratie, Stellung, Bindung, Disponieren | |
| 651 | 7 | |a Deutschland |2 gnd | |
| 653 | 0 | |a a |a Germany |a Social |a Public opinion | |
| 653 | 0 | |a a |a Germany |a Civilization |a Public opinion | |
| 653 | 0 | |a a |a National |a Public opinion | |
| 653 | 0 | |a a |a Public |a Germany | |
| 689 | 0 | 0 | |d g |0 (DE-588)4011882-4 |0 (DE-627)104704861 |0 (DE-576)208896155 |a Deutschland |2 gnd |
| 689 | 0 | 1 | |d s |0 (DE-588)4041282-9 |0 (DE-627)104162430 |0 (DE-576)209044284 |a Nationalbewusstsein |2 gnd |
| 689 | 0 | |5 DE-101 | |
| 689 | 1 | 0 | |d s |0 (DE-588)4138546-9 |0 (DE-627)105641863 |0 (DE-576)209686952 |a Staatsbewusstsein |2 gnd |
| 689 | 1 | |5 DE-101 | |
| 700 | 1 | |a Korte, Karl-Rudolf |d 1958- |e Verf. |0 (DE-588)12015708X |0 (DE-627)08048591X |0 (DE-576)161797741 |4 aut | |
| 856 | 4 | 2 | |u http://www.gbv.de/dms/hebis-darmstadt/toc/17365317.pdf |m V:DE-603 |m B:DE-17 |q pdf/application |x Verlag |y Inhaltsverzeichnis |3 Inhaltsverzeichnis |7 1 |
| 856 | 4 | 2 | |u http://scans.hebis.de/HEBCGI/show.pl?01736531_toc.pdf |m V:DE-603;B:DE-17 |q application/pdf |3 Inhaltsverzeichnis |7 1 |
| 889 | |w (DE-627)276291913 | ||
| 935 | |a mteo | ||
| 935 | |i Blocktest | ||
| 935 | |h HEB |i 0501 | ||
| 935 | |h HEB |i 0503 | ||
| 936 | r | v | |a MS 1204 |b Deutschland (Bundesrepublik) |k Soziologie |k Spezielle Soziologien |k Analysen einzelner Länder |k Europa |k Deutschland (Bundesrepublik) |0 (DE-627)1271143445 |0 (DE-625)rvk/123559: |0 (DE-576)201143445 |
| 936 | r | v | |a MG 15070 |b Allgemeines |k Politologie |k Politische Systeme einzelner Länder |k Europa, Nordamerika |k Westeuropa, Mitteleuropa |k Bundesrepublik Deutschland |k Bundesrepublik Deutschland |k Politisches Verhalten, politische Psychologie, politisches Bewußtsein |k Allgemeines |0 (DE-627)1270750852 |0 (DE-625)rvk/122818:12043 |0 (DE-576)200750852 |
| 936 | r | v | |a MG 15030 |b Historische Zusammenhänge |k Politologie |k Politische Systeme einzelner Länder |k Europa, Nordamerika |k Westeuropa, Mitteleuropa |k Bundesrepublik Deutschland |k Bundesrepublik Deutschland |k Politisches System (insgesamt) |k Historische Zusammenhänge |0 (DE-627)127148921X |0 (DE-625)rvk/122818:12037 |0 (DE-576)20148921X |
| 936 | r | v | |a MG 15010 |b Soziale Zusammenhänge |k Politologie |k Politische Systeme einzelner Länder |k Europa, Nordamerika |k Westeuropa, Mitteleuropa |k Bundesrepublik Deutschland |k Bundesrepublik Deutschland |k Politisches System (insgesamt) |k Soziale Zusammenhänge |0 (DE-627)1271507145 |0 (DE-625)rvk/122818:12035 |0 (DE-576)201507145 |
| 936 | b | k | |a 89.22 |j Nationalismus |0 (DE-627)106408933 |
| 936 | f | i | |0 (DE-627)1756131678 |a RA05.01 |b Deutschland |k Europa |k Mitteleuropa |k Deutschland |2 fivr |
| 936 | f | i | |0 (DE-627)1756135231 |a SA |b Allgemeine Literatur |k Allgemeine Literatur |2 fivs |
| 936 | s | n | |a m100 |2 mzub |
| 936 | s | n | |a m200 |2 mzub |
| 938 | 1 | 0 | |0 (DE-627)1756231893 |0 (DE-615)6601028 |a Bundesrepublik Deutschland (1949-1990) |2 fivt |
| 938 | 1 | 0 | |0 (DE-627)1756207143 |0 (DE-615)6605277 |a Politische Kultur |2 fivt |
| 938 | 1 | 0 | |0 (DE-627)175616598X |0 (DE-615)6601849 |a Rollenverständnis gesellschaftlicher Gruppen |2 fivt |
| 938 | 1 | 0 | |0 (DE-627)1756201056 |0 (DE-615)6600495 |a Politische Grundwerte |2 fivt |
| 938 | 1 | 0 | |0 (DE-627)1756154643 |0 (DE-615)6606459 |a Kulturelle Identität |2 fivt |
| 938 | 1 | 0 | |0 (DE-627)1756179808 |0 (DE-615)6610283 |a Meinungsumfrage/Meinungsforschung |2 fivt |
| 938 | 1 | 0 | |0 (DE-627)1756202575 |0 (DE-615)6603501 |a Datenaufbereitung |2 fivt |
| 938 | 1 | 1 | |0 (DE-627)1756149682 |0 (DE-615)6603124 |a Meinung/Einstellung |2 fiva |
| 938 | 1 | 1 | |0 (DE-627)1756139296 |0 (DE-615)6603936 |a Demokratie |2 fiva |
| 938 | 1 | 1 | |0 (DE-627)1756174946 |0 (DE-615)6605536 |a Politisches System |2 fiva |
| 938 | 1 | 1 | |0 (DE-627)1756180237 |0 (DE-615)6610153 |a Vereinigung oder Wiedervereinigung von Staaten/Gebieten |2 fiva |
| 938 | 1 | 1 | |0 (DE-627)1756148260 |0 (DE-615)6603012 |a Deutsche Demokratische Republik |2 fiva |
| 938 | 1 | 1 | |0 (DE-627)175624197X |0 (DE-615)6600636 |a Europäischer Binnenmarkt |2 fiva |
| 938 | 1 | 1 | |0 (DE-627)100818463 |0 (DE-588)35439-9 |a Europäische Gemeinschaften |2 gnd |2 fiva |
| 938 | 1 | 1 | |0 (DE-627)1756243484 |0 (DE-615)6604904 |a Politisch-gesellschaftliches Bewusstsein |2 fiva |
| 938 | 1 | 1 | |0 (DE-627)1756210446 |0 (DE-615)6607973 |a Umweltbewusstsein |2 fiva |
| 938 | 1 | 1 | |0 (DE-627)1756142769 |0 (DE-615)6603915 |a Religion |2 fiva |
| 938 | 1 | 1 | |0 (DE-627)1756185603 |0 (DE-615)6610214 |a Familie |2 fiva |
| 938 | 1 | 1 | |0 (DE-627)1756218412 |0 (DE-615)6600544 |a Status und Rolle im internationalen System |2 fiva |
| 938 | 1 | 1 | |0 (DE-627)1756198578 |0 (DE-615)6600244 |a Deutschlandproblem |2 fiva |
| 951 | |a BO | ||
| ELC | |b 1 | ||
| LOK | |0 000 xxxxxcx a22 zn 4500 | ||
| LOK | |0 001 3073492038 | ||
| LOK | |0 003 DE-627 | ||
| LOK | |0 004 125929919 | ||
| LOK | |0 005 20020607000000 | ||
| LOK | |0 008 930406||||||||||||||||ger||||||| | ||
| LOK | |0 040 |a DE-21-110 |c DE-627 |d DE-21-110 | ||
| LOK | |0 852 |a DE-21-110 | ||
| LOK | |0 852 1 |c B XVIII 141 |m p |9 00 | ||
| LOK | |0 935 |a k110 | ||
| LOK | |0 936ln |a 7.2.5 | ||
| LOK | |0 938 |k p | ||
| LOK | |0 939 |a 06-04-93 |b l01 | ||
| ORI | |a SA-MARC-krimdoka001.raw | ||
| SIG | |a IFK: B XVIII 141 | ||
| TIM | |a 100019901003_100020261231 |b 1990-10-03 - 2026 | ||
